[Event "Pobeskydy op"]
[Site "Frydek Mistek"]
[Date "2017.04.16"]
[Round "7"]
[White "Kutasevich, Artsiom"]
[Black "Lojek, Marek"]
[Result "0-1"]
[WhiteElo "1945"]
[BlackElo "2077"]
[PlyCount "98"]
[EventDate "2017.04.13"]
[EventType "swiss"]
[EventRounds "9"]
[EventCountry "CZE"]
[SourceTitle "CBM 177 Extra"]
[Source "ChessBase"]
[SourceDate "2017.04.27"]
[SourceVersion "1"]
[SourceVersionDate "2017.04.27"]
[SourceQuality "1"]

1. Nf3 Nf6 2. g3 d5 3. Bg2 c5 4. c4 e6 5. d4 Nc6 6. Nc3 a6 7. cxd5 exd5 8. 0-0 Be6 9. e3 cxd4 10. Nxd4 Bc5 11. Nxc6 bxc6 12. Qa4 Bd7 13. b4 Be7 14. Bb2 a5 15. bxa5 Rxa5 16. Qc2 0-0 17. Rfd1 Qb6 18. Rac1 Rd8 19. Na4 Qb5 20. Nc3 Qb6 21. Na4 Qb5 22. Nc3 Qc5 23. Qb3 Qa7 24. Rd2 Ne8 25. Rcd1 Rb8 26. Qc2 Bf6 27. Ba1 Bg4 28. Rc1 Nd6 29. h3 Be6 30. Rb1 Rxb1+ 31. Qxb1 Nc4 32. Re2 Ra3 33. Nd1 Bxa1 34. Qxa1 h6 35. Kh2 Qa5 36. Qb1 Qb6 37. Qc1 Qb4 38. Rc2 Ne5 39. Rc3 Rxa2 40. Kh1 Nc4 41. Bf1 Qa4 42. Bxc4 dxc4 43. Nb2 Qb5 44. Nd1 Bxh3 45. Rxc4 Qh5 46. Rf4 Bg4+ 47. Kg1 Bxd1 48. Qxc6 Bf3 49. Qc8+ Kh7 0-1

[Event "BLR-chT"]
[Site "Minsk"]
[Date "2016.04.25"]
[Round "1"]
[White "Tihonov, Jurij"]
[Black "Kutasevich, Artsiom"]
[Result "1-0"]
[WhiteElo "2408"]
[BlackElo "1746"]
[PlyCount "87"]
[EventDate "2016.04.25"]
[EventType "team-swiss"]
[EventRounds "7"]
[EventCountry "BLR"]
[SourceTitle "CBM 172 Extra"]
[Source "ChessBase"]
[SourceDate "2016.06.21"]
[SourceVersion "1"]
[SourceVersionDate "2016.06.21"]
[SourceQuality "1"]
[WhiteTeam "Vector"]
[BlackTeam "Minsk Gimnazy"]
[WhiteTeamCountry "BLR"]
[BlackTeamCountry "BLR"]

1. d4 Nf6 2. c4 c5 3. d5 e5 4. Nc3 d6 5. e4 Be7 6. h3 Nbd7 7. Be3 Nf8 8. g3 Ng6 9. h4 h5 10. f3 Ng8 11. Bd3 Nh6 12. Qc2 Nf8 13. Nh3 f6 14. Nf2 Nf7 15. 0-0-0 Bd7 16. f4 Qc7 17. Rdg1 0-0-0 18. Qd1 g6 19. f5 gxf5 20. exf5 Kb8 21. g4 hxg4 22. Rxg4 Nh6 23. Bxh6 Rxh6 24. Rg7 Rh7 25. Qg4 Be8 26. h5 Bf7 27. h6 a6 28. Nfe4 Qd7 29. Ng3 Ka7 30. Be2 Qe8 31. Nce4 Rd7 32. Nf1 Kb6 33. Ne3 Ka7 34. Qh4 Rc7 35. Rhg1 Rc8 36. Rxh7 Nxh7 37. Rg7 Bg8 38. Bh5 Qf8 39. Bg6 Ng5 40. Nxg5 fxg5 41. Qh5 Rd8 42. h7 Bxd5 43. Rxe7 Bf3 44. Qxg5 1-0